00293nam a2200121Ia 45000030006000000080041000060400015000471000025000622450046000872600009001335460012001420050017001540STCL150530s9999 xx 000 0 und d aSTCLcSTCL aJohn Gassner; Editor aBest plays of the modern American theatre c1963 aEnglish20220125171340.0